000 00698cai a22001815a 4500
001 E145747
008 081105u xxk g 000 0 eng d
035 _a(Sirsi) u145747
041 0 _aeng
110 2 _aRegisters of Scotland
_95601
245 0 0 _aScotland's house prices
_h[electronic resource]
520 _aWebsite which provides a paid-for search service to find selling prices for houses in a specific post code or street over a six-month period.
590 _aKA
651 4 _aScotland
_y1999-
690 _aPROPERTY-RESIDENTIAL PROPERTY-RESIDENTIAL PROPERTY MARKET
856 4 0 _uhttps://www.ros.gov.uk/citizen/shp.html
_zView the service at www.scotlandshouseprices.gov.uk...
942 _n0
999 _c120723
_d120723